00386nam a2200181Ia 4500003000900000008004100009040001300050040001300063041000800076100001900084245004000103250001000143260001500153260000900168300001100177300001000188490000600198IT-RoPAU120407s9999 xx 000 0 und d aIT-RoPAU cIT-RoPAU afra aRené Silvain aLes origines de la Pensée moderne aParis aLa Colombe c1963 a408 p. c21 cm v1